000 00587cam a22002052 4500
001 0000002675
005 20151217155816.0
008 070418s xx 000 0 eng d
040 _aKABU
_cKABU
050 0 _aPL8704
_b.A2W37
245 1 0 _aWasifu wa Moi /
_cMhariri Faraj Dumila.
260 _aNairobi :
_bKLB,
_c1978.
300 _a52 p.
600 1 0 _aMoi, Daniel arap,
_d1924,
_xPoetry.
_@0000152143
650 0 _aSwahili poetry.
_@0000152144
700 1 _aDumila Faraj.
_@0000152145
908 _a070418
950 _@1
999 _c12724
_d12724